=LDR 00000nam 2200000 4500 =001 INLIS000000000003553 =005 20130612091844 =008 ***********************************Ind** =035 ##$$0010-061300000003553 =041 ##$$a Ind =082 ##$$a 616.12 =090 ##$$a 616.12, Tur a =100 ##$$a Turner, Richard WD =245 ##$$a Auskultasi jantung, Richard WD. Turner; alih bahasa, Jonatan Osuni; editor, Melfiawati S =260 ##$$a 1994 $b Jakarta =300 ##$$a vii, 198 hlm., ilus., 21 cm =650 ##$$a Jantung =650 ##$$a Diagnosis =850 ##$$a NBPNMAT